07848caa a22007812a 4500001000900000003001100009008004300020100002100063245003800084300001600122500017700138773008700315773008700402773009300489773011900582773019500701773011700896773012901013773015701142773009501299773009601394773016001490773016001650773014601810773024201956773011202198773013902310773012302449773013702572773013702709773010202846773012402948773009003072773010503162773008903267773013903356773011603495773011603611773011103727773011903838773012403957773011704081773010204198773012804300773010004428773011504528773012904643773013304772773009004905773011604995773011605111773012505227773012505352773009205477773011405569773011205683773010205795773012405897773011306021773012206134773014506256773011206401773011806513773011806631773010906749773010506858773010306963 018666 AR-FADEU 311216n########xxu####################dd aBerkeley, George aThe principles of human knowledge aPP. 403-450 aEn: A letter concerning toleration concerning civil government, second essay : an essay concerning human understanding / John Locke. Chicago : Encyclopedia Britannica, Inc.0 024334abdChicagoo01084tThe works of Aristotle I y IIw( AR-FADEU) 018602xz0 024334abdChicagoo01085tThe works of Aristotle I y IIw( AR-FADEU) 018602xz0 024341abdChicagoo01083tThe dialogues of Platow( AR-FADEU) 018609xz0-85229-163-90 024342abdChicagoo01087tEuclid archimedes apollonius of perga nicomachusw( AR-FADEU) 018610xz0-85229-163-90 024395aLocke, JohnbdChicagoo01111tA letter concerning toleration concerning civl governmert, second essay : an essay concerning human understandingw( AR-FADEU) 018664xz0-85229-163-90 024396aPascal, BlaisebdChicagoo01109tThe provincial letters penséesw( AR-FADEU) 018665xz0-85229-163-90 024399aNewton, IsaacbdChicagoo01110tMathematical principles of natural philosophyw( AR-FADEU) 018668xz0-85229-163-90 024402aHutchins, Robert MaynardbdChicagoo01077tThe great conversation : the substance of a liber al educationw( AR-FADEU) 018671xz0-85229-163-90 024403abdChicagoo01082tThe history of herodotusw( AR-FADEU) 018672xz0-85229-163-90 024406aGalenbdChicagoo01086tHippocratic writingsw( AR-FADEU) 018675xz0-85229-163-90 024407aAdler, Mortimer J., ed.bdChicagoo01078tThe great ideas : a syntopicon of great books of the western wirkdw( AR-FADEU) 018676xz0-85229-163-90 024407aAdler, Mortimer J., ed.bdChicagoo01079tThe great ideas : a syntopicon of great books of the western wirkdw( AR-FADEU) 018676xz0-85229-163-90 024459aMilton, JohnbdChicagoo01108tEnglish minor poems paradise lost Samson Agonistes Areopagiticaw( AR-FADEU) 018729xz0-85229-163-90 024460aDescartes, RenébdChicagoo01107tRules for the direction of the mind discourse on the method meditations on first philosophy oabjections against the meditations and replies : the geometryw( AR-FADEU) 018730xz0-85229-163-90 024461aBacon, Francis SirbdChicagoo01106tAdvancement of learningw( AR-FADEU) 018731xz0-85229-163-90 024462aCervantes Saavedra, Miguel debdChicagoo01105tThe history of don quixote de la manchaw( AR-FADEU) 018732xz0-85229-163-90 024463aGilbert, WilliambdChicagoo01104tOn the loadstone and magnitic bodiesw( AR-FADEU) 018733xz0-85229-163-90 024466aClarke, William GeorgebdChicagoo01102tThe plays and sonnets of William Shakespearew( AR-FADEU) 018736xz0-85229-163-90 024466aClarke, William GeorgebdChicagoo01103tThe plays and sonnets of William Shakespearew( AR-FADEU) 018736xz0-85229-163-90 024472aTacitus, P. CorneliusbdChicagoo01091tThe annalsw( AR-FADEU) 018742xz0-85229-163-90 024473abdChicagoo01090tPLUTARCH : the lives of the noble grecians and romansw( AR-FADEU) 018743xz0-85229-163-90 024474abdChicagoo01089tThe POEMS of Virgilw( AR-FADEU) 018744xz0-85229-163-90 024475abdChicagoo01088tLUCRETIUS: on the nature of thingsw( AR-FADEU) 018745xz0-85229-163-90 024476abdChicagoo01080tThe Iliad of Homerw( AR-FADEU) 018746xz0-85229-163-90 024478aDarwin, CharlesbdChicagoo01125tThe Origin of species : by means of natural selectionw( AR-FADEU) 018748xz0-85229-163-90 024479abdChicagoo01081tAESCHYLUS. Sophocles. Euripides. Aristophanesw( AR-FADEU) 018749xz0-85229-163-90 024479abdChicagoo01081tAESCHYLUS. Sophocles. Euripides. Aristophanesw( AR-FADEU) 018749xz0-85229-163-90 024480aMelville, HermanbdChicagoo01124tMoby dick; or, the whalew( AR-FADEU) 018750xz0-85229-163-90 024481aGoethe, Johann WolfgangbdChicagoo01123tFaust : parts one and twow( AR-FADEU) 018751xz0-85229-163-90 024482aHegel, Georg Wilhelm FriedrichbdChicagoo01122tThe philosophy of rightw( AR-FADEU) 018752xz0-85229-163-90 024483aMackenna, Stephen, tr.bdChicagoo01094tPlotinus the six enneadsw( AR-FADEU) 018753xz0-85229-163-90 024484aSaint, AugustinebdChicagoo01096tThe confessionsw( AR-FADEU) 018754xz0-85229-163-90 024485aNorton, Charles EliotbdChicagoo05118tThe divine comedy of Dante Alighieriw( AR-FADEU) 018755xz0-85229-163-90 024486aMachiavelli, NicolobdChicagoo01099tThe princew( AR-FADEU) 018756xz0-85229-163-90 024488aRabelais, FrançoisbdChicagoo01100tGargantua and pantagruelw( AR-FADEU) 018758xz0-85229-163-90 024489aHazlit, W. CarewbdChicagoo01101tThe essays : of Michel Eyquem de Montaignew( AR-FADEU) 018759xz0-85229-163-90 024490aChaucer, GeoffreybdChicagoo01098tTroilus and cressida and the canterbury talesw( AR-FADEU) 018760xz0-85229-163-90 024493aPtolemybdChicagoo01092tThe almagestw( AR-FADEU) 018763xz0-85229-163-90 024494abdChicagoo01095tThe SUMMA theologica : of sint Thomas Aquinasw( AR-FADEU) 018764xz0-85229-163-90 024494abdChicagoo01097tThe SUMMA theologica : of sint Thomas Aquinasw( AR-FADEU) 018764xz0-85229-163-90 024495aGibbon, EdwardbdChicagoo01116tThe decline and fall of the Roman empirew( AR-FADEU) 018765xz0-85229-163-90 024495aGibbon, EdwardbdChicagoo01117tThe decline and fall of the Roman empirew( AR-FADEU) 018765xz0-85229-163-90 024912abdChicagoo01119tAmerican state papersw( AR-FADEU) 019182xz0-85229-163-90 024917aBoswell, JamesbdChicagoo01120tLife of Samuel Johnson, LL.D.w( AR-FADEU) 019187xz0-85229-163-90 024918aKant, ImmanuelbdChicagoo01118tThe critique of pure Reasonw( AR-FADEU) 019188xz0-85229-163-90 024921aTolstoy, León N.bdChicagoo01127tWar and Peacew( AR-FADEU) 019191xz0-85229-163-90 024922aDostoevsky, Fyodor MikhailovichbdChicagoo01128tThe brothers karamazovw( AR-FADEU) 019192xz0-85229-163-90 024923aWilliam, JamesbdChicagoo01129tThe principles of psychologyw( AR-FADEU) 019193xz0-85229-163-90 024924aFielding, HenrybdChicagoo01113tThe history of Ton Jones a foundlingw( AR-FADEU) 019194xz0-85229-163-90 024925aSmith, AdambdChicagoo01115tAn inquiry into the nature and causes of the wealth of nationsw( AR-FADEU) 019195xz0-85229-163-90 024926aMontesquieu, Charles debdChicagoo01114tThe spirit of lawsw( AR-FADEU) 019196xz0-85229-163-90 024930aLavoisier, Antoine LaurentbdChicagoo01121tElements of chemistryw( AR-FADEU) 019200xz0-85229-163-90 024930aLavoisier, Antoine LaurentbdChicagoo01121tElements of chemistryw( AR-FADEU) 019200xz0-85229-163-90 024933aEngels, FriedrichbdChicagoo01126tCapital, by Karl Marxw( AR-FADEU) 019203xz0-85229-163-90 024935aSwift, JonathanbdChicagoo01112tGulliver´s Travelsw( AR-FADEU) 019205xz0-85229-163-90 024937abdChicagoo01130tThe mayor works of Sigmund Freudw( AR-FADEU) 019207xz0-85229-163-9